000 00732nab a22002297a 4500
001 19428
003 HDC
007 cr bn ---aaaaa
008 210128c20081006my ||||o |||| 00| 00eng d
040 _aHDC
245 0 _aMore Than 20 Malaysian Companies to Participate At Halal Expo 2008
336 _atext
_2rdacontent
337 _acomputer
_2rdamedia
338 _aonline resource
_2rdacarrier
650 _aFestival
_99231
650 _aHalal industry
_9144
710 _aDagangHalal.com
856 _zRequest full-text at [email protected]
942 _2lcc
942 _cNEWS
942 _kNWSO 007720
999 _c16744
_d16744